Представление документа в формате RUSMARC

ПолеНазваниеЗначение
  Тип записи a
  Библиографический уровень m
001 Контрольный номер RU/SLIB/B/208736387
005 Дата корректировки 20201206204040.1
010 Индекс ISBN __
d Цена 0-40
101 Язык документа __
a Язык текста rus
200 Заглавие и сведения об ответственности 0_
a Заглавие Союз медицины и искусства
f Первые сведения об ответственности Лисицын Ю. П., Жиляева Е. П.
b Общее обозначение материала Текст
210 Выходные данные __
a Место издания М.
c Издательство Медицина
d Дата издания 1985
215 Физическое описание __
a Объем 192 с.
c Иллюстрации/тип воспроизводства ил.
225 Серия __
x ISSN Науч.-Попул. мед. лит.
330 Аннотация __
a Аннотация Книга посвящена вопросам использования средств искусства в решении задач охраны и укрепления здоровья людей, гармонического развития их духовных и физических сил. Раскрыты физиологические и психологические основы воздействия искуства на человека. Показано важное значение художественного и эстетического воспитания.
606 Тематические рубрики __
a Основная рубрика Здравоохранение. Медицинские науки
606 Тематические рубрики __
a Основная рубрика Социальная гигиена и организация здравоохранения в целом в России и СССР
610 Ключевые слова __
a Ключевые слова охрана здоровья; арт-терапия; медицина и искусство; искусство и медицина; воздействие искусства
686 Индексы других классификаций __
a Классификационный индекс 51.1(2)
700 Автор _1
a Фамилия Лисицын
b Имя Ю. П.
4 Код отношения 070
702 Вторичная интеллектуальная ответственность _1
a Фамилия Жиляева
b Имя Е. П.
4 Код отношения Автор
4 Код отношения 070
801 Источник записи _0
a Страна RU
b Организация Муниципальное бюджетное учреждение культуры "Централизованная библиотечная система" г. Сургут (Центральная городская библиотека им. А. С. Пушкина)
g Правила каталогизации КиК/Михайлова
801 Источник записи _1
a Страна RU
b Организация Муниципальное бюджетное учреждение культуры "Централизованная библиотечная система" г. Сургут (Центральная городская библиотека им. А. С. Пушкина)
g Правила каталогизации КиК/Михайлова
852 Данные о местонахождении __
j Шифр хранения 51.1(2)
c Каталожный индекс 51
i Авторский знак Л 63
p Инвентарный номер 20891
901 Тип документа __
t Тип документа m
990 Данные о заказе (DOS) __
j Количество экземпляров (DOS) 1